Catalog

Record Details

Catalog Search



Metodická příručka pro výkon terénní sociální práce /  Dana Nedělníková ; Lýdia Poláčková Cover Image Book Book

Metodická příručka pro výkon terénní sociální práce /  Dana Nedělníková ; Lýdia Poláčková

Record details

  • Physical Description: 201 s.
  • Publisher: Ostrava : Ostravská univerzita v Ostravě, 2008

Available copies

  • 1 of 1 copy available at Common Catalog SPOK.

Holds

  • 0 current holds with 1 total copy.
Show Only Available Copies
Location Call Number / Copy Notes Barcode Shelving Location Status Due Date
ETS Library 361.3 424470015595 Volný výběr Available -

LDR 00790nam a2a00253
00138388
003CZ-PrJAB
00520201022190102.0
008080730s2008 xr e |||| |cze
009cz
035 . ‡a(CONS)12896
035 . ‡a(CONS)5776
035 . ‡aKPS12895
040 . ‡aABG450
041 . ‡acze
08214. ‡a361.3
100 . ‡aOstravská univerzita v Ostravě
245 . ‡aMetodická příručka pro výkon terénní sociální práce /  ‡nDana Nedělníková ; Lýdia Poláčková
260 . ‡aOstrava : ‡bOstravská univerzita v Ostravě, ‡c2008
300 . ‡a201 s.
653 . ‡aMetodická příručka pro výkon terénní sociální práce
700 . ‡76731 ‡aNedělníková, Dana
8524 . ‡bETS ‡bETS ‡cVolný výběr ‡j361.3 ‡p424470015595 ‡y$50.00
910 . ‡aABG450
999 . ‡a12896 ‡c12896 ‡tbiblio
905 . ‡uadmin
901 . ‡a38388 ‡bCZ-PrJAB ‡c38388 ‡tbiblio ‡sets

Additional Resources